00313nam a2200121Ia 4500008004100000041000800041082001600049100001900065245003400084260003200118300003000150365001100180240624s9999 xx 000 0 und d aeng a658.404 YOU aYOUNG TREVOR L aSUCCESSFUL PROJECT MANAGEMENT c2013aNew DelhibKogan Page aix, : 218 : p. : cm. ; 22 cRSb33